[Event "13sen.WMH 2003 Senioren"]
[Site "Bad Zwischenahn(17.11.-29.11.2003)"]
[Date "2003.11.29"]
[Round "4"]
[White "Maugg, Ludwig"]
[Black "Merettig, Georg"]
[Result "1-0"]
[WhiteElo "2043"]
[BlackElo "1816"]
[PlyCount "31"]


1. e4 c5 2. Nf3 g6 3. d4 Bg7 4. Nc3 Nc6 5. Be3 cxd4 6. Nxd4 e5 7. Ndb5 Nf6 8.
Qd6 Qa5 9. Nc7+ Kd8 10. Nxa8 Nxe4 11. Qd3 Nb4 12. Qxe4 f5 13. Bg5+ Ke8 14. Qc4
Nxc2+ 15. Kd2 Nxa1 16. Qxc8+ 1-0

[Event "13sen.WMH 2003 Senioren"]
[Site "Bad Zwischenahn(17.11.-29.11.2003)"]
[Date "2003.11.29"]
[Round "4"]
[White "Mayers_Lorien, Dan E."]
[Black "Semasev, Kim"]
[Result "0-1"]
[WhiteElo "1997"]
[BlackElo "2269"]
[PlyCount "66"]


1. e4 d6 2. c4 c5 3. Nc3 Nc6 4. Nge2 g6 5. g3 Bg7 6. Bg2 e6 7. b3 Nge7 8. Bb2
O-O 9. Rb1 a6 10. O-O Rb8 11. a4 Bd7 12. g4 Ne5 13. h3 Nd3 14. Ba1 f5 15. f4 e5
16. gxf5 gxf5 17. Rf3 Nxf4 18. Nxf4 exf4 19. Rxf4 Ng6 20. Rf1 Qg5 21. Kh1 Rbe8
22. Rg1 Bd4 23. Qc2 Bxg1 24. Rxg1 Qh4 25. Nd5 fxe4 26. Qc3 Re5 27. Qe3 Rf3 28.
Bxe5 Rxe3 29. Nf6+ Kf7 30. Nxd7 Rxh3+ 31. Bxh3 Qxh3+ 32. Bh2 Qd3 33. Rg2 Nh4
0-1

[Event "13sen.WMH 2003 Senioren"]
[Site "Bad Zwischenahn(17.11.-29.11.2003)"]
[Date "2003.11.29"]
[Round "4"]
[White "Moeckel, Edgar,Dr."]
[Black "Bomert, Egon"]
[Result "0-1"]
[WhiteElo "1805"]
[BlackElo "1942"]
[PlyCount "54"]


1. d4 d5 2. Nf3 Bf5 3. e3 e6 4. c4 c6 5. Nc3 Nf6 6. Bd3 dxc4 7. Bxc4 Bd6 8. O-O
Nbd7 9. Re1 Ne4 10. Nxe4 Bxe4 11. Bd3 Nf6 12. Ng5 Bxd3 13. Qxd3 Bxh2+ 14. Kxh2
Ng4+ 15. Kg3 Qxg5 16. f4 Qh5 17. Qe2 f5 18. Bd2 O-O-O 19. Rh1 Qg6 20. Kf3 Nf6
21. Rhg1 h5 22. Bb4 Ne4 23. g4 hxg4+ 24. Kg2 Rh3 25. Be1 Rdh8 26. Kf1 Qh6 27.
Rg2 Rh1+ 0-1

[Event "13sen.WMH 2003 Senioren"]
[Site "Bad Zwischenahn(17.11.-29.11.2003)"]
[Date "2003.11.29"]
[Round "4"]
[White "Mueller, Hartmut Dieter"]
[Black "Iken, Meindert"]
[Result "0-1"]
[WhiteElo "1425"]
[BlackElo "1476"]
[PlyCount "132"]


1. d4 d5 2. c4 Nf6 3. Nc3 Bf5 4. Bg5 c6 5. Bxf6 exf6 6. Qa4 Bd7 7. cxd5 cxd5 8.
Qb3 Bc6 9. e3 a6 10. Nf3 Bd6 11. Be2 O-O 12. a3 Nd7 13. Nxd5 Bxd5 14. Qxd5 Qc7
15. Qb3 Nb6 16. g3 Qd8 17. Nh4 g6 18. O-O f5 19. Bf3 Rb8 20. Qd3 Be7 21. Ng2
Nd7 22. d5 Ne5 23. Qd1 b5 24. Be2 Bf6 25. Rb1 Rc8 26. f4 Nc4 27. Bxc4 Rxc4 28.
Qd2 Re8 29. d6 Re6 30. Rfd1 Rc6 31. d7 Rcd6 32. Qe2 Qxd7 33. Ne1 Rxd1 34. Rxd1
Qa7 35. Ng2 Bd4 36. Rd3 Qc5 37. Qd2 Bf6 38. h4 Rc6 39. Qf2 Qc4 40. Kh2 Bxb2 41.
Qf3 Qc2 42. e4 Rc3 43. Rxc3 Qxc3 44. Qe2 Qc4 45. Qxc4 bxc4 46. e5 Bd4 47. a4
Bc5 48. Ne1 a5 49. Kg2 Kf8 50. Kf3 Ke7 51. Ke2 Ke6 52. Kf3 Kd5 53. Nc2 c3 54.
Ke2 Kc4 55. Na1 Kb4 56. Kd3 Bf2 57. Kc2 Bxg3 58. Nb3 Bxf4 59. Nd4 Kxa4 60. Nc6
Bg3 61. Kxc3 Bxh4 62. Nd4 Ka3 63. Nb5+ Ka4 64. Nd4 Bg3 65. Kc4 Bxe5 66. Nc6 f6
0-1

[Event "13sen.WMH 2003 Senioren"]
[Site "Bad Zwischenahn(17.11.-29.11.2003)"]
[Date "2003.??.??"]
[Round "4"]
[White "Mueller, Heinz[41Sandersd]"]
[Black "Meinhardt, Guenther"]
[Result "0-1"]
[WhiteElo "2010"]
[BlackElo "1685"]
[PlyCount "126"]


1. d4 c5 2. d5 Nf6 3. c4 b5 4. cxb5 a6 5. b6 Qxb6 6. Nc3 d6 7. e4 g6 8. Nf3 Bg7
9. Nd2 O-O 10. Nc4 Qc7 11. Bd3 Nbd7 12. O-O Nb6 13. Qe2 Nxc4 14. Bxc4 Nd7 15.
f4 Nb6 16. Bd3 c4 17. Bc2 Bd7 18. Be3 Rab8 19. Rab1 Qc8 20. Qf2 Qc7 21. Bd4
Bxd4 22. Qxd4 Nc8 23. Kh1 Na7 24. Rfe1 Nb5 25. Qd2 Qc5 26. Ne2 Bg4 27. Nc3 Qd4
28. Qxd4 Nxd4 29. Bd1 Bxd1 30. Rexd1 Nb5 31. Ne2 Rb7 32. Rdc1 Rfb8 33. Nc3 Nxc3
34. Rxc3 Rxb2 35. Rxb2 Rxb2 36. h3 Rb4 37. a3 Rb3 38. Rxc4 Rxa3 39. Kh2 Kg7 40.
Rc7 Kf6 41. e5+ dxe5 42. fxe5+ Kxe5 43. Rxe7+ Kf6 44. Ra7 a5 45. d6 Rd3 46. d7
Ke7 47. Rxa5 Rxd7 48. Rb5 f5 49. Rb1 Kf6 50. h4 f4 51. Rb5 h6 52. Kh3 Rd3+ 53.
Kg4 Rg3+ 54. Kxf4 Rxg2 55. Rd5 Ke6 56. Kf3 Rg1 57. Kf2 Rg4 58. Kf3 h5 59. Rb5
Rxh4 60. Rb6+ Kf7 61. Rb7+ Kf6 62. Rb6+ Kg7 63. Rb7+ Kh6 0-1

[Event "13sen.WMH 2003 Senioren"]
[Site "Bad Zwischenahn(17.11.-29.11.2003)"]
[Date "2003.11.29"]
[Round "4"]
[White "Nolte, Wilhelm"]
[Black "Eidelmann, Vova"]
[Result "0-1"]
[WhiteElo "1670"]
[BlackElo "1930"]
[PlyCount "48"]


1. e4 d6 2. d4 Nf6 3. Nc3 g6 4. Nf3 Bg7 5. Be2 O-O 6. O-O Nbd7 7. h3 c5 8. Be3
cxd4 9. Bxd4 b6 10. Nd2 Bb7 11. f4 e5 12. Be3 d5 13. fxe5 Nxe5 14. Bf4 Nxe4 15.
Ncxe4 dxe4 16. c3 Nd3 17. Bxd3 Qxd3 18. Qe1 Rfe8 19. Be3 Rad8 20. Rd1 Qd5 21.
Nb3 Qc4 22. Qf2 Ba6 23. Bd4 Bxd4 24. Nxd4 e3 0-1

[Event "13sen.WMH 2003 Senioren"]
[Site "Bad Zwischenahn(17.11.-29.11.2003)"]
[Date "2003.11.29"]
[Round "4"]
[White "Olberg, Gerhard"]
[Black "Samarian, Cornel"]
[Result "1/2-1/2"]
[WhiteElo "1630"]
[BlackElo "1592"]
[PlyCount "84"]


1. c4 c5 2. Nc3 Nc6 3. g3 g6 4. Bg2 Bg7 5. Nf3 Nf6 6. O-O O-O 7. a3 d6 8. Rb1
a5 9. b3 Re8 10. e4 e5 11. d3 h6 12. h3 Kh7 13. Kh2 Ng8 14. g4 Be6 15. Ne2 b6
16. Ng3 Rf8 17. a4 Nd4 18. Nxd4 exd4 19. Bd2 Bc8 20. f4 Bb7 21. Rb2 Qd7 22. Bc1
Rae8 23. Rbf2 f6 24. h4 Bc8 25. Bh3 Qc7 26. Kg2 Qd7 27. f5 g5 28. hxg5 fxg5 29.
Nh5 Be5 30. Rh1 Nf6 31. Nxf6+ Bxf6 32. Kf1 Rh8 33. Rfh2 Be5 34. Rg2 Qf7 35. Bd2
Bd7 36. Be1 Kg7 37. Bg3 Rh7 38. Bxe5+ dxe5 39. Rb2 Reh8 40. Bg2 Ra8 41. Bf3
Rah8 42. Qe2 Be8 1/2-1/2

[Event "13sen.WMH 2003 Senioren"]
[Site "Bad Zwischenahn(17.11.-29.11.2003)"]
[Date "2003.11.29"]
[Round "4"]
[White "Ollek, Karl-Heinz"]
[Black "Bromberger, Guenter"]
[Result "1-0"]
[WhiteElo "1606"]
[BlackElo "1413"]
[PlyCount "55"]


1. c4 e5 2. Nc3 Nf6 3. Nf3 Nc6 4. g3 e4 5. Ng5 d5 6. cxd5 Nxd5 7. Ngxe4 Nxc3 8.
Nxc3 Bc5 9. Bg2 O-O 10. O-O Bd7 11. e3 Qc8 12. d4 Be7 13. Nd5 Bh3 14. Bd2 Bxg2
15. Kxg2 Qd7 16. Qf3 Nd8 17. a3 c6 18. Nxe7+ Qxe7 19. Bb4 Qd7 20. Bxf8 Kxf8 21.
Rad1 f6 22. b4 a6 23. d5 cxd5 24. Rxd5 Qc7 25. Rfd1 Nf7 26. Rd7 Qe5 27. Qxb7
Re8 28. Rxf7+ 1-0

[Event "13sen.WMH 2003 Senioren"]
[Site "Bad Zwischenahn(17.11.-29.11.2003)"]
[Date "2003.11.29"]
[Round "4"]
[White "Oser, Thor"]
[Black "Krueger, Erich"]
[Result "0-1"]
[WhiteElo "1722"]
[BlackElo "2140"]
[PlyCount "54"]


1. e4 c6 2. d4 d5 3. exd5 cxd5 4. Bd3 Nc6 5. c3 Nf6 6. Nf3 Bg4 7. h3 Bxf3 8.
Qxf3 e6 9. O-O Be7 10. Re1 O-O 11. Bg5 h6 12. Bh4 a6 13. Nd2 b5 14. a3 Na5 15.
g4 Nc4 16. Nxc4 bxc4 17. Bc2 Rb8 18. Rab1 Rb6 19. g5 Ne8 20. Qh5 Bxg5 21. Bxg5
Qxg5+ 22. Qxg5 hxg5 23. Kg2 Nc7 24. Ba4 Rfb8 25. Re2 Nb5 26. Bxb5 Rxb5 27. Kf1
Rb3 0-1

[Event "13sen.WMH 2003 Senioren"]
[Site "Bad Zwischenahn(17.11.-29.11.2003)"]
[Date "2003.11.29"]
[Round "4"]
[White "Ousatchi, Mark"]
[Black "Neumann, Horst[38Koblenz]"]
[Result "1/2-1/2"]
[WhiteElo "2041"]
[BlackElo "1864"]
[PlyCount "89"]


1. d4 d5 2. Nf3 Nf6 3. c4 c6 4. cxd5 cxd5 5. Nc3 Nc6 6. Bf4 a6 7. e3 Qb6 8. Qd2
e6 9. Bd3 Be7 10. O-O Nh5 11. Be5 f6 12. Bg3 Nxg3 13. hxg3 Bd7 14. Rfc1 O-O 15.
Na4 Qd8 16. Nc5 Bxc5 17. Rxc5 Rc8 18. Rac1 Qe7 19. a3 Qd6 20. Bb1 Ne7 21. b4 g6
22. Ba2 b6 23. R5c3 Rxc3 24. Rxc3 Rc8 25. Rxc8+ Nxc8 26. Qc3 Ne7 27. Bb3 Qc6
28. Qxc6 Nxc6 29. Nd2 Kf7 30. Kf1 Ke7 31. Ke2 Na7 32. Kd3 Nb5 33. a4 Nd6 34.
Kc3 Bc6 35. Bc2 Kd7 36. Kb3 Ke7 37. Bd3 a5 38. bxa5 bxa5 39. Kc3 e5 40. Nb3 Nb7
41. Be2 Ke6 42. dxe5 fxe5 43. f4 d4+ 44. exd4 exf4 45. Bg4+ 1/2-1/2

[Event "13sen.WMH 2003 Senioren"]
[Site "Bad Zwischenahn(17.11.-29.11.2003)"]
[Date "2003.11.29"]
[Round "4"]
[White "Perk, Egbert"]
[Black "Petzold, Rolf"]
[Result "1-0"]
[WhiteElo "1883"]
[BlackElo "1639"]
[PlyCount "45"]


1. d4 d5 2. c4 c6 3. Nc3 Nf6 4. Bg5 Ne4 5. Nxe4 dxe4 6. g3 Be6 7. b3 g6 8. Bg2
f5 9. Qd2 Bg7 10. Rd1 Bf7 11. f3 exf3 12. Nxf3 O-O 13. O-O Re8 14. Bf4 Nd7 15.
Ng5 Nf6 16. h3 Qb6 17. Nxf7 Kxf7 18. Kh2 Rad8 19. c5 Qa6 20. Be5 Kg8 21. Qe3
Rd7 22. Bxf6 Bxf6 23. Qe6+ 1-0

[Event "13sen.WMH 2003 Senioren"]
[Site "Bad Zwischenahn(17.11.-29.11.2003)"]
[Date "2003.11.29"]
[Round "4"]
[White "Petzold, Hilmar"]
[Black "Boeven, Manfred"]
[Result "1/2-1/2"]
[WhiteElo "1951"]
[BlackElo "2005"]
[PlyCount "97"]


1. e4 c5 2. Nf3 e6 3. d4 cxd4 4. Nxd4 Nf6 5. Nc3 Nc6 6. Be3 Bb4 7. Bd3 d5 8.
Nxc6 bxc6 9. e5 d4 10. exf6 dxe3 11. O-O exf2+ 12. Kh1 Bxc3 13. bxc3 Qxf6 14.
Qd2 O-O 15. Rxf2 Qe7 16. Qe3 Bd7 17. Rf3 e5 18. Re1 f6 19. Rg3 g5 20. h4 h6 21.
Qe4 Rae8 22. hxg5 hxg5 23. Qe3 Be6 24. c4 Qg7 25. Kg1 Rd8 26. Qf3 Qd7 27. Qh5
Qf7 28. Qf3 Bxc4 29. Rxe5 Bxd3 30. cxd3 Rd5 31. Re2 Kg7 32. Rh3 Rh8 33. Rg3 Qc7
34. Qf2 Qb6 35. Rge3 Kg6 36. g3 Rb5 37. Kg2 Qd4 38. Qf3 Rf5 39. Qxc6 Qg4 40.
Kg1 Qh3 41. Qg2 Qxg2+ 42. Kxg2 Rd8 43. Rf2 Rfd5 44. Re6 Rf5 45. Ra6 Rd7 46.
Rxf5 Kxf5 47. Kf2 Ke5 48. Ke3 f5 49. Ra5+ 1/2-1/2

[Event "13sen.WMH 2003 Senioren"]
[Site "Bad Zwischenahn(17.11.-29.11.2003)"]
[Date "2003.11.29"]
[Round "4"]
[White "Plassmann, Florenz"]
[Black "Hobusch, Werner"]
[Result "0-1"]
[WhiteElo "1862"]
[BlackElo "1999"]
[PlyCount "48"]


1. Nf3 c5 2. c4 g6 3. g3 Bg7 4. d4 cxd4 5. Nxd4 d5 6. Bg2 dxc4 7. Qa4+ Kf8 8.
e3 e5 9. Nb5 a6 10. O-O Qb6 11. Qa3+ Ne7 12. Nd6 Nbc6 13. Bd2 Be6 14. Rc1 Rd8
15. Nxc4 Bxc4 16. Rxc4 Bf6 17. Rc1 Kg7 18. Be1 h5 19. Nc3 h4 20. Ne4 hxg3 21.
hxg3 Nd5 22. Nxf6 Kxf6 23. Rd1 Qb5 24. Bf1 Rh1+ 0-1

[Event "13sen.WMH 2003 Senioren"]
[Site "Bad Zwischenahn(17.11.-29.11.2003)"]
[Date "2003.11.29"]
[Round "4"]
[White "Postel, Richard"]
[Black "Bakalarczyk, Wlodzimierz"]
[Result "1/2-1/2"]
[WhiteElo "1690"]
[BlackElo "1905"]
[PlyCount "41"]


1. e4 c5 2. Nf3 e6 3. d4 cxd4 4. Nxd4 a6 5. Be3 Nf6 6. Nd2 Qc7 7. Bd3 Nc6 8.
Nxc6 dxc6 9. f4 h5 10. h3 Bd7 11. Qe2 h4 12. Qf2 c5 13. c3 Be7 14. O-O Nh5 15.
Rfd1 Ng3 16. Nf1 c4 17. Bc2 Nxf1 18. Rxf1 Rc8 19. Rad1 Qa5 20. Bb1 Bc5 21. Bd4
1/2-1/2

[Event "13sen.WMH 2003 Senioren"]
[Site "Bad Zwischenahn(17.11.-29.11.2003)"]
[Date "2003.11.29"]
[Round "4"]
[White "Potthammel, Joerg"]
[Black "Schoerghuber, Kurt"]
[Result "1-0"]
[WhiteElo "1972"]
[BlackElo "1702"]
[PlyCount "49"]


1. e4 e5 2. Nf3 f5 3. Nxe5 Qf6 4. Nc4 fxe4 5. Nc3 Qg6 6. d3 Nf6 7. Nxe4 Bb4+ 8.
c3 Nxe4 9. dxe4 Qxe4+ 10. Ne3 Be7 11. Bd3 Qe5 12. O-O O-O 13. Ng4 Qa5 14. b4
Qb6 15. Be3 c5 16. Rb1 Qc7 17. bxc5 d5 18. cxd6 Bxd6 19. Rb5 Be6 20. Rh5 h6 21.
Nxh6+ gxh6 22. Rxh6 Bf5 23. Bxf5 Bxh2+ 24. Rxh2 Rxf5 25. Qg4+ 1-0

[Event "13sen.WMH 2003 Senioren"]
[Site "Bad Zwischenahn(17.11.-29.11.2003)"]
[Date "2003.11.29"]
[Round "4"]
[White "Rauscher, Erwin[23AUT]"]
[Black "Rudolph, Joachim"]
[Result "0-1"]
[WhiteElo "1369"]
[BlackElo "1653"]
[PlyCount "126"]


1. d4 e6 2. c4 f5 3. g3 Nf6 4. Bg2 Be7 5. Nc3 O-O 6. Nf3 c6 7. O-O d5 8. cxd5
exd5 9. Bg5 Nbd7 10. e3 h6 11. Bxf6 Nxf6 12. Qc2 Bd6 13. Rac1 Qe7 14. Nh4 Qe6
15. a3 Ne4 16. Nf3 Bd7 17. a4 Qe7 18. Nxe4 fxe4 19. Nd2 Kh8 20. Nb3 Rab8 21.
Nd2 Rf6 22. Nb3 Rbf8 23. Na1 Rc8 24. Nb3 Rff8 25. h4 Rb8 26. Na1 Rbc8 27. Nb3
Rc7 28. Nc5 Kg8 29. Nxd7 Rxd7 30. b3 a5 31. Qd1 Qf6 32. Kh2 Qe6 33. Qe2 Rdf7
34. Rcd1 Qe7 35. Rd2 Qxh4+ 36. Kg1 Qg5 37. Bh3 Kh8 38. Qg4 Qxg4 39. Bxg4 g6 40.
Bh3 Kg7 41. Bg2 h5 42. Rfd1 g5 43. Rc2 g4 44. Rdd2 Kg6 45. Rd1 Kg5 46. Bh1 Rh8
47. Bg2 h4 48. Bh1 h3 49. Kh2 Rhf8 50. Rdd2 Bb4 51. Re2 Rc7 52. Kg1 Rfc8 53.
Rc1 Kf5 54. Rec2 Ke6 55. Kf1 Kd6 56. Ke2 c5 57. dxc5+ Rxc5 58. Rxc5 Rxc5 59.
Rxc5 Kxc5 60. Kd1 Bc3 61. f4 exf3 62. Kc2 Be1 63. Bxf3 gxf3 0-1

[Event "13sen.WMH 2003 Senioren"]
[Site "Bad Zwischenahn(17.11.-29.11.2003)"]
[Date "2003.??.??"]
[Round "4"]
[White "Rosen, Willy"]
[Black "Johannsen, Ingbert"]
[Result "1-0"]
[WhiteElo "2275"]
[BlackElo "1957"]
[PlyCount "87"]


1. e4 e5 2. Nf3 Nc6 3. Bb5 a6 4. Ba4 Nf6 5. O-O b5 6. Bb3 Be7 7. Re1 d6 8. c3
O-O 9. d4 exd4 10. cxd4 Bg4 11. Be3 Na5 12. Bc2 Nc4 13. Bc1 c5 14. b3 Nb6 15.
d5 Nfd7 16. Bb2 Bf6 17. Bxf6 Qxf6 18. Nbd2 Ne5 19. Re3 c4 20. Qe1 Bxf3 21. Nxf3
Ng4 22. Re2 a5 23. Rd1 Rfe8 24. Nd4 Qe5 25. g3 Qh5 26. f3 Ne5 27. Kg2 b4 28. f4
cxb3 29. axb3 Ng4 30. h3 Nf6 31. g4 Qh6 32. g5 Qh5 33. gxf6 gxf6 34. Re3 Rac8
35. Rdd3 Kh8 36. Kh2 Rc5 37. Bd1 Qh6 38. Qf2 Rec8 39. Nf5 Qf8 40. Qh4 Nd7 41.
Rg3 Rc3 42. Rxc3 bxc3 43. Bc2 Qd8 44. Qh6 1-0

[Event "13sen.WMH 2003 Senioren"]
[Site "Bad Zwischenahn(17.11.-29.11.2003)"]
[Date "2003.11.29"]
[Round "4"]
[White "Rubinstein, Mark"]
[Black "Delander, Adolf"]
[Result "1/2-1/2"]
[WhiteElo "1938"]
[BlackElo "2006"]
[PlyCount "30"]


1. c4 e5 2. Nc3 d6 3. g3 Nf6 4. Bg2 Be7 5. e3 c6 6. Qb3 Nbd7 7. d4 O-O 8. Nf3
Qc7 9. O-O b6 10. Rd1 Bb7 11. e4 h6 12. h3 Rfd8 13. Be3 Rac8 14. Rac1 Qb8 15.
a4 c5 1/2-1/2

[Event "13sen.WMH 2003 Senioren"]
[Site "Bad Zwischenahn(17.11.-29.11.2003)"]
[Date "2003.11.29"]
[Round "4"]
[White "Rudnik, Heinz"]
[Black "Hirsch, Adolf,jr.[40AUT]"]
[Result "1/2-1/2"]
[WhiteElo "1996"]
[BlackElo "2042"]
[PlyCount "69"]


1. e4 e6 2. d4 d5 3. Nc3 Bb4 4. e5 Ne7 5. a3 Bxc3+ 6. bxc3 c5 7. Nf3 Bd7 8. Bd3
Ba4 9. dxc5 Nd7 10. Be3 Qc7 11. O-O Ng6 12. Rb1 Ndxe5 13. Nxe5 Nxe5 14. Bf4
O-O-O 15. Qe2 f6 16. Bb5 Bxb5 17. Rxb5 Qc6 18. Rfb1 Rd7 19. Bxe5 fxe5 20. Qxe5
Rf8 21. Ra5 a6 22. Rb6 Qc7 23. Qe3 d4 24. cxd4 e5 25. g3 exd4 26. Qe4 Re7 27.
Qxd4 Qe5 28. Qxe5 Rxe5 29. Ra4 Rxc5 30. Rb2 Rf7 31. Rab4 Rfc7 32. Kg2 Rxc2 33.
Rxb7 Rxf2+ 34. Kxf2 Rxb7 35. Rc2+ 1/2-1/2

[Event "13sen.WMH 2003 Senioren"]
[Site "Bad Zwischenahn(17.11.-29.11.2003)"]
[Date "2003.11.29"]
[Round "4"]
[White "Schober, Manfred"]
[Black "Barlo, Werner"]
[Result "1-0"]
[WhiteElo "1837"]
[BlackElo "1735"]
[PlyCount "71"]


1. d4 Nf6 2. Nf3 e6 3. g3 d5 4. c4 Bb4+ 5. Bd2 Bxd2+ 6. Nbxd2 O-O 7. Bg2 Nbd7
8. O-O c5 9. Rc1 cxd4 10. Nxd4 Qb6 11. N2b3 dxc4 12. Rxc4 Ne5 13. Rc5 Ng6 14.
Qc2 Rd8 15. Rc1 Bd7 16. Na5 Nd5 17. e4 Nde7 18. Qc3 Rab8 19. b4 Rbc8 20. Ndb3
a6 21. Nc4 Rxc5 22. Nxc5 Qc7 23. Nxd7 Rxd7 24. Qe3 Qd8 25. Bf3 Rd3 26. Qe2 Nc6
27. e5 Nxb4 28. Bxb7 Qc7 29. Bxa6 Rd5 30. Bb7 Qxb7 31. Nd6 Qa7 32. Rc8+ Nf8 33.
Qc4 Na6 34. Rxf8+ Kxf8 35. Qc8+ Ke7 36. Qe8# 1-0

[Event "13sen.WMH 2003 Senioren"]
[Site "Bad Zwischenahn(17.11.-29.11.2003)"]
[Date "2003.11.29"]
[Round "4"]
[White "Schwagrowski, Bernd"]
[Black "Reimann, Wolfgang"]
[Result "1/2-1/2"]
[WhiteElo "1425"]
[BlackElo "1350"]
[PlyCount "79"]


1. Nf3 Nf6 2. Nc3 g6 3. e4 d6 4. d4 Bg7 5. Be3 Nbd7 6. Qd2 h6 7. Bd3 e5 8. d5
Ng4 9. a3 Nxe3 10. Qxe3 a6 11. h3 Qg5 12. Nxg5 hxg5 13. g4 Nc5 14. b4 Nxd3+ 15.
Qxd3 Bxg4 16. Qf1 Bd7 17. f3 O-O-O 18. Qg1 Kb8 19. Qf1 f5 20. Kf2 fxe4 21. Nxe4
Bf5 22. Ke2 Rdf8 23. Qg2 Bd7 24. c4 Rh5 25. Nf2 e4 26. Nxe4 Bxa1 27. Rxa1 Bxh3
28. Qg3 Bf5 29. Nxg5 Re8+ 30. Ne6 Bxe6 31. Kf2 Bf5 32. Re1 Rf8 33. c5 Rf6 34.
Re8+ Bc8 35. Re7 Rxd5 36. cxd6 Rdxd6 37. Re8 Rd2+ 38. Re2 Rd3 39. Re3 Rd5 40.
Re5 1/2-1/2

[Event "13sen.WMH 2003 Senioren"]
[Site "Bad Zwischenahn(17.11.-29.11.2003)"]
[Date "2003.11.29"]
[Round "4"]
[White "Smits, Oswald"]
[Black "Michaelis, Ernst"]
[Result "0-1"]
[WhiteElo "1644"]
[BlackElo "1820"]
[PlyCount "152"]


1. d4 f5 2. Nf3 Nf6 3. e3 g6 4. c4 d6 5. Nc3 Bg7 6. Be2 O-O 7. O-O Nc6 8. Qc2
e5 9. dxe5 dxe5 10. Rd1 Qe7 11. a3 e4 12. Nd4 Ne5 13. a4 c6 14. b3 Rd8 15. Bb2
a6 16. Qb1 Qc7 17. h3 c5 18. Nc2 Be6 19. Ne1 g5 20. Qc2 g4 21. h4 g3 22. f3
exf3 23. gxf3 Ng6 24. Ng2 Qe7 25. Bd3 Ne5 26. Be2 Rxd1+ 27. Rxd1 Re8 28. Qd2
Nf7 29. Bf1 Bh6 30. Qe1 Nh5 31. Bc1 Nh8 32. Ne2 Ng6 33. Nxg3 Nxh4 34. Qf2 Nxg3
35. Qxg3+ Ng6 36. Kf2 Bg7 37. Be2 Kf8 38. Rh1 Bg8 39. Bd3 Qf6 40. Rh5 Ne7 41.
Nf4 Rd8 42. Ke2 Bh6 43. Ng2 Bf7 44. Rh1 Bg8 45. Qc7 Qd6 46. Qxd6 Rxd6 47. Bb2
Bg7 48. Bxg7+ Kxg7 49. Rh5 Rh6 50. Rxh6 Kxh6 51. e4 Kg5 52. Ne3 f4 53. Nd5 Nc6
54. Kf2 h5 55. Be2 Nd4 56. Bd1 Bxd5 57. cxd5 Kf6 58. Kg2 b5 59. axb5 axb5 60.
Kh3 c4 61. bxc4 bxc4 62. Kh4 c3 63. Kxh5 Ke5 64. Kg4 c2 65. Bxc2 Nxc2 66. d6
Nd4 67. d7 Ne6 68. Kh5 Kd6 69. Kg6 Kxd7 70. e5 Ke7 71. Kf5 Kf7 72. Ke4 Kg6 73.
Kd5 Kf5 74. Kd6 Nc7 75. Kc5 Kxe5 76. Kc4 Ne6 0-1

[Event "13sen.WMH 2003 Senioren"]
[Site "Bad Zwischenahn(17.11.-29.11.2003)"]
[Date "2003.11.29"]
[Round "4"]
[White "Springer, Artur"]
[Black "Rehe, Walter"]
[Result "1/2-1/2"]
[WhiteElo "1832"]
[BlackElo "1956"]
[PlyCount "27"]


1. d4 Nf6 2. e3 g6 3. c3 Bg7 4. f4 d6 5. Nf3 O-O 6. Be2 c5 7. O-O Qc7 8. Qe1
Re8 9. b3 Nbd7 10. Bc4 Nb6 11. Bd3 c4 12. Bc2 d5 13. Bb2 Ne4 14. Nbd2 1/2-1/2

[Event "13sen.WMH 2003 Senioren"]
[Site "Bad Zwischenahn(17.11.-29.11.2003)"]
[Date "2003.??.??"]
[Round "4"]
[White "Spurga, Josef"]
[Black "Sawadkuhi, Massoud Amir"]
[Result "0-1"]
[WhiteElo "1854"]
[BlackElo "2255"]
[PlyCount "58"]


1. e4 c5 2. Nf3 Nc6 3. d4 cxd4 4. Nxd4 Nf6 5. Nc3 e5 6. Ndb5 d6 7. Bg5 a6 8.
Na3 b5 9. Nd5 Be7 10. Nxe7 Nxe7 11. f3 Be6 12. c4 O-O 13. cxb5 axb5 14. Nxb5 d5
15. exd5 Nfxd5 16. Qd2 f6 17. Bh4 Ra4 18. Bf2 Nb4 19. Nc3 Qxd2+ 20. Kxd2 Rd8+
21. Kc1 Nxa2+ 22. Nxa2 Rc8+ 23. Kd2 Bxa2 24. Bd3 Rb8 25. Kc1 Nd5 26. Be1 Rc8+
27. Kd2 Nf4 28. Bf1 Rd4+ 29. Ke3 Rc2 0-1

[Event "13sen.WMH 2003 Senioren"]
[Site "Bad Zwischenahn(17.11.-29.11.2003)"]
[Date "2003.11.29"]
[Round "4"]
[White "Stiemerling, Karl-Heinz"]
[Black "Nopp, Josef"]
[Result "0-1"]
[WhiteElo "1623"]
[BlackElo "1638"]
[PlyCount "110"]


1. d4 d6 2. c4 Nf6 3. Nc3 Nbd7 4. Nf3 e5 5. dxe5 dxe5 6. Bg5 Be7 7. e3 O-O 8.
Be2 c6 9. O-O Qc7 10. h3 Re8 11. Qc2 h6 12. Bh4 a5 13. Rac1 Bd6 14. Bg3 e4 15.
Bxd6 Qxd6 16. Rfd1 Qc7 17. Nd4 Nc5 18. a3 Qe5 19. b4 axb4 20. axb4 Ne6 21. Bg4
Nxg4 22. hxg4 Ng5 23. Qe2 Nh7 24. f4 exf3 25. Nxf3 Qe7 26. Nd4 Qxb4 27. Nf5
Bxf5 28. gxf5 Qc5 29. Rd4 Qxf5 30. Rf1 Qe5 31. Qd3 Ng5 32. e4 Ne6 33. Rd7 Nc5
34. Qf3 f6 35. Rd2 Ra3 36. Rc2 Rd8 37. Qf5 Qd4+ 38. Kh1 Rxc3 39. Rxc3 Qxc3 40.
Qxc5 Qe5 41. Qb6 Qh5+ 42. Kg1 Rd7 43. c5 Qe2 44. Qb3+ Kf8 45. Qe6 Qe3+ 46. Kh1
Qd4 47. e5 Re7 48. Qc8+ Kf7 49. exf6 gxf6 50. Qf5 Kg7 51. Rb1 Qd7 52. Qf3 Re5
53. Rd1 Qe7 54. Qg3+ Rg5 55. Qd6 Rh5+ 0-1

[Event "13sen.WMH 2003 Senioren"]
[Site "Bad Zwischenahn(17.11.-29.11.2003)"]
[Date "2003.11.29"]
[Round "4"]
[White "Stock, Hugo"]
[Black "Schwichtenberg, Juergen"]
[Result "1/2-1/2"]
[WhiteElo "1614"]
[BlackElo "1671"]
[PlyCount "33"]


1. d4 Nf6 2. Nf3 d5 3. c4 c6 4. e3 Bg4 5. cxd5 cxd5 6. Nc3 Bxf3 7. Bb5+ Nbd7 8.
Qxf3 e6 9. O-O a6 10. Bd3 Be7 11. b3 Rc8 12. Bb2 O-O 13. e4 dxe4 14. Nxe4 Nd5
15. Rfc1 Qb6 16. Qh3 Nf4 17. Qf3 1/2-1/2

[Event "13sen.WMH 2003 Senioren"]
[Site "Bad Zwischenahn(17.11.-29.11.2003)"]
[Date "2003.11.29"]
[Round "4"]
[White "Stuerzenbaum, Arthur"]
[Black "Lotsov Har-Zahav, Avraham"]
[Result "1/2-1/2"]
[WhiteElo "2186"]
[BlackElo "2034"]
[PlyCount "72"]


1. e4 c5 2. Nf3 Nc6 3. d4 cxd4 4. Nxd4 Nf6 5. Nc3 e5 6. Ndb5 d6 7. Bg5 a6 8.
Na3 b5 9. Bxf6 gxf6 10. Nd5 f5 11. exf5 Bxf5 12. c3 Bg7 13. Nc2 O-O 14. Nce3
Be6 15. Bd3 f5 16. Qh5 e4 17. Bc2 Ne5 18. Rd1 Rf7 19. Nf4 Qe7 20. Ned5 Bxd5 21.
Nxd5 Qa7 22. O-O Kh8 23. Rfe1 Rg8 24. Re2 Ng6 25. Bb3 Rff8 26. Kh1 Be5 27. Qh6
Rg7 28. Qe3 Qb8 29. g3 Qd8 30. Rf1 Ne7 31. Nxe7 Qxe7 32. f4 exf3 33. Qxf3 Qg5
34. Rg2 h5 35. Bc2 Rgf7 36. a3 a5 1/2-1/2

[Event "13sen.WMH 2003 Senioren"]
[Site "Bad Zwischenahn(17.11.-29.11.2003)"]
[Date "2003.11.29"]
[Round "4"]
[White "Suess, Horst"]
[Black "Langmann, Claus"]
[Result "0-1"]
[WhiteElo "1301"]
[BlackElo "1849"]
[PlyCount "84"]


1. e4 c5 2. Nf3 Nc6 3. d4 cxd4 4. Nxd4 Nf6 5. Nc3 e5 6. Nb3 Bb4 7. Bg5 h6 8.
Bxf6 Qxf6 9. Bd3 d6 10. O-O Bxc3 11. bxc3 Be6 12. c4 O-O 13. Qd2 Rac8 14. f4
exf4 15. Rxf4 Qe7 16. Qf2 b6 17. Nd2 Ne5 18. Be2 Bxc4 19. Nxc4 Nxc4 20. Qd4 Qe5
21. Qxe5 dxe5 22. Rf2 Rfd8 23. Bd3 Rd4 24. Rd1 Rcd8 25. Re2 Nb2 26. Rdd2 Nxd3
27. cxd3 Rxd3 28. Rxd3 Rxd3 29. Kf2 Kf8 30. Rc2 Ra3 31. g3 Ke7 32. Kg2 Ke6 33.
Rc6+ Kd7 34. Rc2 Re3 35. Rd2+ Ke6 36. Rc2 Rxe4 37. Rc6+ Kd7 38. Rc2 Ra4 39. Kf3
f5 40. Rd2+ Ke6 41. Rc2 Ra3+ 42. Kg2 Kd5 0-1

[Event "13sen.WMH 2003 Senioren"]
[Site "Bad Zwischenahn(17.11.-29.11.2003)"]
[Date "2003.11.29"]
[Round "4"]
[White "Szczepaniec, Stanislaw"]
[Black "Vucenovic, Dragomir"]
[Result "1-0"]
[WhiteElo "2206"]
[BlackElo "2204"]
[PlyCount "93"]


1. c4 Nf6 2. Nc3 e6 3. e4 d6 4. d4 b6 5. g3 Bb7 6. Bg2 Be7 7. Nge2 Nbd7 8. O-O
e5 9. d5 O-O 10. f4 c6 11. h3 cxd5 12. cxd5 Ba6 13. Be3 Rc8 14. Rc1 Rc7 15. Qa4
Qc8 16. b4 Rc4 17. Qa3 b5 18. Bxa7 Qb7 19. Be3 Rfc8 20. Qb2 Bd8 21. a3 Nb6 22.
fxe5 dxe5 23. g4 Nfd7 24. Ng3 Na4 25. Nxa4 bxa4 26. Rxc4 Bxc4 27. Rc1 Bb5 28.
Rxc8 Qxc8 29. Nf5 Qb8 30. Qc3 g6 31. Nh6+ Kg7 32. g5 Bb6 33. Ng4 Qa7 34. Bf1 f5
35. gxf6+ Nxf6 36. Bxb5 Nxg4 37. Bxb6 Qxb6+ 38. Qc5 Qf6 39. hxg4 Qf4 40. Be2
Qg3+ 41. Kf1 Qf4+ 42. Ke1 Qxe4 43. d6 Qf4 44. d7 Qg3+ 45. Kd2 Qf4+ 46. Qe3 Qf6
47. Qd3 1-0